00935nam a2200205 i 450000100060000000300090000600500170001500700030003200800410003510000390007624501890011526000490030430000220035360000410037560000850041665100690050185200210057099900170059195201210060865514ES-MaACL20250822190538.0t|040115s1905 mx ||||1| spa d1 aFrías y Soto, Hilarión.95259010aJuárez glorificado y la intervención y el imperio ante la verdad histórica / cpor Hilarión Frías y Soto refutando la obra de Francisco Bulnes titulada el verdadero Juárez. aMéxico : b[s.n.], c1905 (fImp. Central) a478 p. ; c22 cm.14aJuárez, Benito, d1806-187296715614aBulnes, Francisco. tJuárez y las revoluciones de Ayutla y de reforma.9159525 4aMéxico-xHistoria-y1861-1867, Intervención europea.9146885 aES-MaACLjF-1830 c65514d65514 00104070aATENEOMbATENEOMcDEPO2d2008-01-17eSCl0oF-1830p1068640r2023-02-23 00:00:00w2023-02-23yMONOGRAFIA